|
|
|
|
| LEADER |
00000cam a2200000 7i4500 |
| 001 |
0000002613 |
| 005 |
20070618093000.0 |
| 008 |
021118s1985 |
| 020 |
|
|
|a 0136382053
|
| 090 |
0 |
0 |
|a HG6042
|b .C69 1985
|
| 100 |
0 |
|
|a Cox, John C. ,
|e author
|
| 245 |
0 |
0 |
|a Option market
|c John C. Cox, Mark Rubenstein
|
| 260 |
2 |
|
|a Englewood Cliffs, NJ :
|b Prentice-Hall ,
|c c1985
|
| 300 |
|
|
|a ix, 498 p. ; ;
|c 24 cm.
|
| 500 |
|
|
|a Includes index
|
| 504 |
|
|
|a Bibliography: p.478-492
|
| 650 |
|
0 |
|a Put and call transactions
|
| 700 |
0 |
|
|a Rubensteins, Mark ,
|e author
|
| 999 |
|
|
|a 1000019743
|b Book
|c OPEN SHELF (30 DAYS)
|e Gong Badak Campus
|